000 00523nam a2200193Ia 4500
003 OSt
005 20250204094212.0
008 210210b1969 xxu||||| |||| 00| 0 eng d
040 _cAL
041 _aKannada
082 _aK894.3 RAMA
100 _aRAMARAV (T K).
_dರಾಮರಾವ್ (ಟಿ ಕೆ)
_9168986
245 _aAsareya Bombe
_bಆಸರೆಯ ಬೊಂಬೆ
260 _aBengaluru
_bHemanta Sahitya
_c1969
300 _a264
690 _aKannada Fiction
_9168987
906 _a028018
942 _2ddc
_cBK
999 _c79281
_d79281